House price surveys' roundup (Record no. 76371)

MARC details
000 -LEADER
fixed length control field 01258cab a2200205 4500
001 - CONTROL NUMBER
control field ##L132242
008 - FIXED-LENGTH DATA ELEMENTS--GENERAL INFORMATION
fixed length control field 060120n2006 000 0 eng u
035 ## - SYSTEM CONTROL NUMBER
System control number (Sirsi) u132242
041 0# - LANGUAGE CODE
Language code of text/sound track or separate title eng
050 04 - LIBRARY OF CONGRESS CALL NUMBER
Classification number 306.1 $2 18
245 00 - TITLE STATEMENT
Title House price surveys' roundup
Remainder of title December 2005
260 ## - PUBLICATION, DISTRIBUTION, ETC.
Date of publication, distribution, etc. 2006
490 #0 - SERIES STATEMENT
Series statement RICS Website News
Volume/sequential designation 20 January 2006
520 ## - SUMMARY, ETC.
Summary, etc. Summarises the most recent housing market and house price surveys with weblinks to the full reports. Includes: "RICS housing market survey Great Britain"; "ODPM house price index"; "ODPM mix-adjusted house price index" tables; "ODPM monthly housing report"; "ODPM quarterly house price focus"; "Land Registry residential property price report"; "HM Revenue and Customs monthly property transactions"; "Registers of Scotland: average residential prices in Scotland"; "Nationwide monthly house price review"; "Halifax (HBOS) house price index"; "Hometrack monthly national survey", and "Rightmove house price index".
590 ## - LOCAL NOTE (RLIN)
Local note IKA310106
690 ## - LOCAL SUBJECT ADDED ENTRY--TOPICAL TERM (OCLC, RLIN)
Topical term or geographic name as entry element PROPERTY-RESIDENTIAL PROPERTY-RESIDENTIAL PROPERTY MARKET
700 1# - ADDED ENTRY--PERSONAL NAME
Personal name Reynolds, Peter
856 40 - ELECTRONIC LOCATION AND ACCESS
Uniform Resource Identifier <a href="https://www.rics.org/RICSWEB/getpage.aspx?p=psppNwTAC0aLavD3utwyrg">https://www.rics.org/RICSWEB/getpage.aspx?p=psppNwTAC0aLavD3utwyrg</a>
Public note View the roundup free of charge at www.rics.org...
942 ## - ADDED ENTRY ELEMENTS (KOHA)
Suppress in OPAC 0
Holdings
Withdrawn status Lost status Source of classification or shelving scheme Damaged status Not for loan Home library Current library Shelving location Date acquired Total Checkouts Full call number Barcode Date last seen Copy number Price effective from Koha item type
    Dewey Decimal Classification     Virtual Virtual Online 20/01/2006   ONLINE PUBLICATION 132242-2001 06/08/2019 1 06/08/2019 Journal article